[Event "EU-ch U16 31st"]
[Site "Mamaia"]
[Date "2023.09.08"]
[Round "4"]
[White "Kvaloy, Aksel Bu"]
[Black "Fizer, Marek"]
[Result "1-0"]
[WhiteElo "2469"]
[BlackElo "2118"]
[PlyCount "56"]
[EventDate "2023.09.05"]
[EventType "swiss"]
[EventRounds "9"]
[EventCountry "ROU"]
[SourceTitle "EXT 2024"]
[Source "ChessBase"]
[SourceDate "2023.10.10"]
[SourceVersion "1"]
[SourceVersionDate "2023.10.10"]
[SourceQuality "1"]

1. d4 d5 2. c4 e6 3. Nf3 c6 4. g3 dxc4 5. Bg2 b5 6. 0-0 Bb7 7. a4 a6 8. b3 cxb3 9. Qxb3 Nf6 10. Bb2 Be7 11. Ne5 0-0 12. Nd2 Nd5 13. Rfc1 Qa5 14. Ne4 Rd8 15. Nc5 Bxc5 16. dxc5 Nd7 17. Nxd7 Rxd7 18. e4 Qb4 19. Qa2 Nc7 20. Be5 Ne8 21. Qe2 Rd2 22. Qe1 Rd4 23. Bxd4 Qxd4 24. axb5 cxb5 25. c6 Bc8 26. Qa5 h6 27. Rd1 Qf6 28. e5 Qe7 1-0

[Event "Skalica op-A"]
[Site "Skalica"]
[Date "2023.08.27"]
[Round "9"]
[White "Fizer, Marek"]
[Black "Perkampus, Laurin"]
[Result "1/2-1/2"]
[WhiteElo "2093"]
[BlackElo "2144"]
[PlyCount "108"]
[EventDate "2023.08.19"]
[EventType "swiss"]
[EventRounds "9"]
[EventCountry "SVK"]
[SourceTitle "CBM 215 Extra"]
[Source "ChessBase"]
[SourceDate "2023.09.30"]
[SourceVersion "1"]
[SourceVersionDate "2023.09.30"]
[SourceQuality "1"]

1. e4 c6 2. d4 d5 3. f3 dxe4 4. fxe4 e5 5. Nf3 Bg4 6. c3 Nd7 7. Bd3 Bd6 8. Nbd2 b5 9. a4 a6 10. 0-0 Ngf6 11. Qe1 0-0 12. h3 Bh5 13. Nh4 Re8 14. Qg3 Bg6 15. Nxg6 hxg6 16. axb5 axb5 17. Rxa8 Qxa8 18. Nf3 Qb8 19. Qf2 c5 20. d5 c4 21. Bc2 Bc5 22. Be3 Qb6 23. Bxc5 Qxc5 24. Ra1 Qxf2+ 25. Kxf2 Rb8 26. Ke3 Kf8 27. Ra7 Ke8 28. g4 Kd8 29. b3 cxb3 30. Bxb3 Rc8 31. Kd3 Nc5+ 32. Kc2 Ncxe4 33. Nxe5 Rxc3+ 34. Kb2 Rc7 35. Nxf7+ Kd7 36. Ra8 Ke7 37. Ne5 Nc5 38. g5 Nfe4 39. Nxg6+ Kd6 40. Rd8+ Rd7 41. Rxd7+ Nxd7 42. h4 Nb6 43. Nf4 Ke5 44. Ne6 Nxd5 45. Nxg7 Ne7 46. Bc2 Nxg5 47. hxg5 Kf4 48. Ne6+ Ke5 49. Nf8 Kf4 50. Nh7 Nf5 51. Kc3 Ke5 52. Kb4 Nd4 53. g6 Nxc2+ 54. Kc3 Ne3 1/2-1/2

[Event "Skalica op-A"]
[Site "Skalica"]
[Date "2023.08.23"]
[Round "5"]
[White "Fizer, Marek"]
[Black "Tancsa, Tamas"]
[Result "1-0"]
[WhiteElo "2093"]
[BlackElo "2240"]
[PlyCount "143"]
[EventDate "2023.08.19"]
[EventType "swiss"]
[EventRounds "9"]
[EventCountry "SVK"]
[SourceTitle "CBM 215 Extra"]
[Source "ChessBase"]
[SourceDate "2023.09.30"]
[SourceVersion "1"]
[SourceVersionDate "2023.09.30"]
[SourceQuality "1"]

1. e4 c5 2. Nf3 d6 3. d4 cxd4 4. Nxd4 Nf6 5. Nc3 a6 6. h3 e5 7. Nf3 h5 8. Be3 b5 9. Nd5 Nbd7 10. a4 b4 11. Ng5 Be7 12. Bc4 0-0 13. Qf3 Bb7 14. Qf5 Rc8 15. Bb6 Qe8 16. Nc7 Rxc7 17. Bxc7 Qc8 18. Bxf7+ Rxf7 19. Qe6 Qe8 20. f3 Nc5 21. Qxf7+ Qxf7 22. Nxf7 Kxf7 23. 0-0-0 Ke6 24. Ba5 b3 25. Bb4 bxc2 26. Kxc2 d5 27. exd5+ Nxd5 28. Bxc5 Bxc5 29. Kd3 Bd4 30. Rd2 a5 31. Kc4 Ba6+ 32. Kb3 Nb4 33. h4 Bb7 34. Kc4 Ba6+ 35. Kb3 Kd5 36. Rc1 Nc6 37. f4 Bc8 38. fxe5 Be6 39. Ka2 Nxe5 40. Rcd1 Nc6 41. Rc1 Ne7 42. Ka3 Nf5 43. b4 Ne3 44. Rxd4+ Kxd4 45. bxa5 Bc4 46. g3 g6 47. Kb2 Kd3 48. a6 Bxa6 49. Rc6 Nc4+ 50. Ka2 Bb7 51. Rxg6 Bd5 52. Rg5 Bf7 53. Kb3 Nd6+ 54. Kb4 Ne4 55. Rg7 Be6 56. a5 Ke3 57. a6 Kf3 58. a7 Bd5 59. Kb5 Nxg3 60. Kb6 Ba8 61. Rg8 Be4 62. Rb8 Kg4 63. Rb7 Bxb7 64. Kxb7 Kxh4 65. a8Q Kg4 66. Qc8+ Nf5 67. Qg8+ Kf4 68. Qg2 h4 69. Qh3 Kg5 70. Kc6 Ne7+ 71. Kd6 Ng6 72. Qf3 1-0

[Event "Pula op 35th"]
[Site "Pula"]
[Date "2023.06.22"]
[Round "6"]
[White "Fizer, Marek"]
[Black "Vojak, Daniel"]
[Result "0-1"]
[WhiteElo "2164"]
[BlackElo "2339"]
[PlyCount "104"]
[EventDate "2023.06.17"]
[EventType "swiss"]
[EventRounds "9"]
[EventCountry "CRO"]
[SourceTitle "CBM 214 Extra"]
[Source "ChessBase"]
[SourceDate "2023.07.31"]
[SourceVersion "1"]
[SourceVersionDate "2023.07.31"]
[SourceQuality "1"]

1. e4 c5 2. Nf3 d6 3. d4 cxd4 4. Nxd4 Nf6 5. Nc3 a6 6. h3 e6 7. g4 b5 8. Bg2 Bb7 9. g5 b4 10. gxf6 bxc3 11. fxg7 Bxg7 12. bxc3 Qc7 13. Bb2 Nd7 14. Qh5 Qc5 15. Qxc5 Nxc5 16. 0-0-0 Bxe4 17. f3 Bd5 18. Nf5 Be5 19. c4 Bxb2+ 20. Kxb2 Rb8+ 21. Kc1 Ba8 22. Nxd6+ Ke7 23. Rhe1 Rhg8 24. Bh1 Rbd8 25. Nf5+ Kf6 26. Nd6 Rd7 27. Ne4+ Bxe4 28. Rxd7 Nxd7 29. fxe4 Ke5 30. Kd2 Nc5 31. Rf1 f6 32. Bf3 Rg3 33. h4 Rh3 34. h5 Rh2+ 35. Kc3 a5 36. a3 h6 37. Kb2 Rh3 38. Rf2 Rh4 39. Rg2 Rh3 40. Rf2 Rg3 41. Rf1 Kd4 42. Bh1 Rh3 43. Rxf6 Rxh1 44. Rxh6 Kxe4 45. Rh8 Kd4 46. c3+ Kxc4 47. h6 Rh2+ 48. Kb1 Kxc3 49. Rc8 Kc4 50. Rh8 Kb3 51. Rb8+ Kxa3 52. Rh8 Nb3 0-1

[Event "CZE-ch U16"]
[Site "Teplice"]
[Date "2023.03.16"]
[Round "7"]
[White "Tillmann, Stanislav"]
[Black "Fizer, Marek"]
[Result "0-1"]
[WhiteElo "1907"]
[BlackElo "1929"]
[PlyCount "142"]
[EventDate "2023.03.11"]
[EventType "swiss"]
[EventRounds "9"]
[EventCountry "CZE"]
[SourceTitle "CBM 213 Extra"]
[Source "ChessBase"]
[SourceDate "2023.05.31"]
[SourceVersion "1"]
[SourceVersionDate "2023.05.31"]
[SourceQuality "1"]

1. e4 c5 2. Nf3 d6 3. d4 cxd4 4. Nxd4 Nf6 5. Nc3 a6 6. Be2 e5 7. Nf3 Be7 8. Bg5 Be6 9. 0-0 0-0 10. Bxf6 Bxf6 11. Nd5 Nd7 12. Bc4 Qc8 13. Bb3 Qc6 14. Qe2 Bd8 15. Rad1 Nc5 16. Rfe1 b5 17. Qd2 a5 18. Nc3 b4 19. Nd5 Rb8 20. Bc4 Bg4 21. Qe3 Ne6 22. b3 Kh8 23. h3 Bh5 24. c3 Bb6 25. Qd3 Bc5 26. Rc1 Qb7 27. Nh4 Qa7 28. Qg3 bxc3 29. Nf5 Bg6 30. Rxc3 Bb4 31. Nxb4 axb4 32. Rd3 Bxf5 33. exf5 Nd4 34. Qg5 Qd7 35. Rxd4 f6 36. Qh5 exd4 37. Re4 h6 38. Rxd4 Rfe8 39. Be6 Qc6 40. h4 Qc1+ 41. Kh2 Qc5 42. Qd1 Ra8 43. Qd2 Rxa2 44. Qxb4 Qe5+ 45. f4 Qe2 46. Qb7 Qf2 47. Rd3 Ra1 48. Rg3 Rh1+ 49. Kxh1 Qxg3 50. b4 Qxh4+ 51. Kg1 d5 52. b5 Qxf4 53. Qxd5 Qe3+ 54. Kh2 Qe5+ 55. Qxe5 fxe5 56. g4 g6 57. Bf7 Rb8 58. fxg6 Rxb5 59. Kg3 Kg7 60. Kf3 Rb4 61. Kg3 Kf6 62. Kf3 Rf4+ 63. Kg3 Ra4 64. Kf3 Ra3+ 65. Kf2 e4 66. Kg2 Ra4 67. Kg3 e3 68. Kf3 Rxg4 69. Kxe3 h5 70. Kf3 Rg5 71. Kf2 h4 0-1

[Event "CZE-ch U16"]
[Site "Teplice"]
[Date "2023.03.14"]
[Round "5"]
[White "Fizer, Marek"]
[Black "Seidl, Jan1111"]
[Result "1-0"]
[WhiteElo "1929"]
[BlackElo "2025"]
[PlyCount "73"]
[EventDate "2023.03.11"]
[EventType "swiss"]
[EventRounds "9"]
[EventCountry "CZE"]
[SourceTitle "CBM 213 Extra"]
[Source "ChessBase"]
[SourceDate "2023.05.31"]
[SourceVersion "1"]
[SourceVersionDate "2023.05.31"]
[SourceQuality "1"]

1. e4 c6 2. d4 d5 3. f3 e6 4. Nc3 Bb4 5. Bf4 Nf6 6. Qd3 0-0 7. Nge2 b6 8. Bg5 Ba6 9. Qe3 Be7 10. e5 Ng4 11. Qf4 Bxg5 12. Qxg4 c5 13. f4 Be7 14. 0-0-0 Nc6 15. Kb1 b5 16. dxc5 Qa5 17. Ng3 b4 18. Nh5 g6 19. Ne2 Bc4 20. Nc1 Qxc5 21. Nf6+ Bxf6 22. exf6 Nd4 23. Bxc4 Qxc4 24. Rd2 Rac8 25. Qh3 Kh8 26. Nd3 Nc6 27. Qh6 Rg8 28. h4 Qe4 29. Qg5 Rc7 30. Re1 Qc4 31. g4 a5 32. h5 a4 33. hxg6 fxg6 34. Ne5 Nxe5 35. Qxe5 Rf7 36. Rh2 Re8 37. Reh1 1-0

[Event "EU Union-ch U14"]
[Site "Pec pod Snezkou"]
[Date "2022.08.25"]
[Round "4"]
[White "Fizer, Marek"]
[Black "Brozynski, Patryk"]
[Result "0-1"]
[WhiteElo "1998"]
[BlackElo "1911"]
[PlyCount "124"]
[EventDate "2022.08.22"]
[EventType "swiss"]
[EventRounds "9"]
[EventCountry "CZE"]
[SourceTitle "EXT 2023"]
[Source "ChessBase"]
[SourceDate "2022.10.05"]
[SourceVersion "1"]
[SourceVersionDate "2022.10.05"]
[SourceQuality "1"]

1. e4 c5 2. Nf3 e6 3. d4 cxd4 4. Nxd4 Nc6 5. Nc3 Qc7 6. Be3 a6 7. Be2 b5 8. Nxc6 Qxc6 9. a3 Bb7 10. 0-0 Nf6 11. Bf3 e5 12. Qe2 Bc5 13. Rfd1 Bxe3 14. Qxe3 0-0 15. Rac1 d6 16. Nd5 Nxd5 17. exd5 Qd7 18. b3 Rac8 19. c4 Rc5 20. Be2 bxc4 21. bxc4 a5 22. Qb3 Rfc8 23. Rb1 Ba6 24. Rdc1 g6 25. Qb6 Bxc4 26. Bxc4 Rxc4 27. Rxc4 Rxc4 28. Qxa5 Qf5 29. Rf1 Qd7 30. Rb1 Ra4 31. Qc3 Rd4 32. Qa5 Qa4 33. Qxa4 Rxa4 34. g3 Ra5 35. a4 Rxd5 36. Rb5 Rd3 37. a5 Kf8 38. a6 Ra3 39. Rb6 Ke7 40. Rb7+ Ke6 41. a7 g5 42. Kf1 h5 43. Ke2 h4 44. gxh4 gxh4 45. Rb4 Rxa7 46. Rxh4 Ra2+ 47. Ke3 Ra3+ 48. Ke2 d5 49. Rh7 d4 50. f3 Ra2+ 51. Kd3 Rf2 52. Rh6+ f6 53. h4 Rxf3+ 54. Ke2 e4 55. Rh8 d3+ 56. Kd2 Rf2+ 57. Ke1 Re2+ 58. Kd1 Ke5 59. h5 Kd4 60. h6 Ke3 61. h7 Rh2 62. Kc1 Rh1+ 0-1

[Event "Olomouc op 23rd"]
[Site "Olomouc"]
[Date "2022.08.20"]
[Round "9"]
[White "Svancara, Petr"]
[Black "Fizer, Marek"]
[Result "1-0"]
[WhiteElo "2145"]
[BlackElo "1998"]
[PlyCount "59"]
[EventDate "2022.08.13"]
[EventType "swiss"]
[EventRounds "9"]
[EventCountry "CZE"]
[SourceTitle "CBM 209 Extra"]
[Source "ChessBase"]
[SourceDate "2022.09.30"]
[SourceVersion "1"]
[SourceVersionDate "2022.09.30"]
[SourceQuality "1"]

1. d4 d5 2. Nf3 Nf6 3. Bf4 e6 4. e3 Bd6 5. Bg3 0-0 6. Bd3 Nbd7 7. Nbd2 Qe7 8. Ne5 b6 9. 0-0 Bb7 10. c3 a6 11. Qe2 Ne4 12. Nxd7 Qxd7 13. Bxd6 Qxd6 14. Rad1 Nxd2 15. Rxd2 c5 16. f4 c4 17. Bc2 f5 18. Kh1 b5 19. Qe1 a5 20. Rg1 g6 21. g4 Qe7 22. Rdg2 Ra6 23. h4 Bc6 24. h5 Be8 25. Qg3 Kg7 26. Qh3 Qf6 27. Rh2 b4 28. hxg6 Bxg6 29. gxf5 exf5 30. Qxh7# 1-0